Cities Ryanair Flies To - Statistics

General Stats
  • This quiz has been taken 185 times
  • The average score is 85 of 238
Answer Stats
Country City % Correct
Belgium Brussels
84%
Austria Vienna
81%
France Paris
79%
Finland Helsinki
77%
Italy Rome
77%
Italy Milan
76%
Ireland Dublin
75%
Germany Berlin
74%
Denmark Copenhagen
74%
Czechia Prague
72%
Bulgaria Sofia
72%
France Nice
69%
France Lyon
68%
Poland Warsaw
68%
Armenia Yerevan
68%
Netherlands Amsterdam
67%
Spain Barcelona
67%
United Kingdom London
67%
France Marseille Provence
67%
Greece Athens
66%
Hungary Budapest
66%
Germany Frankfurt
66%
Italy Naples
66%
Norway Oslo
66%
Italy Venice
66%
Israel Tel Aviv
65%
Romania Bucharest
63%
Germany Hamburg
63%
Spain Madrid
63%
Croatia Split
63%
Ireland Cork
62%
Luxembourg Luxembourg
62%
Germany Munich
62%
Italy Palermo
62%
Estonia Tallinn
62%
Germany Cologne
61%
Portugal Lisbon
61%
Austria Salzburg
61%
Portugal Porto
60%
Latvia Riga
60%
Croatia Dubrovnik
59%
United Kingdom Manchester
59%
United Kingdom Belfast
58%
France Bordeaux
57%
Italy Turin
57%
Jordan Amman
56%
Germany Düsseldorf
56%
Poland Krakow
56%
Russia Moscow
56%
Sweden Stockholm
56%
France Toulouse
56%
Switzerland Zürich
56%
Italy Bari
55%
Morocco Casablanca
55%
Germany Düsseldorf-Weeze
55%
Italy Pisa
55%
United Kingdom Glasgow
53%
Georgia Tbilisi
53%
Lithuania Vilnius
53%
Ukraine Kyiv
52%
Germany Stuttgart
52%
Greece Thessaloniki
52%
United Kingdom Edinburgh
51%
Poland Gdansk
51%
Morocco Marrakesh
51%
Spain Valencia
51%
Italy Bologna
50%
Czechia Brno
50%
Italy Genoa
50%
Cyprus Larnaca
50%
France Lille
50%
Morocco Rabat
50%
Slovakia Bratislava
49%
Switzerland Geneva
49%
Germany Hannover
49%
Russia St. Petersburg
49%
United Kingdom Liverpool
48%
Denmark Aarhus
47%
United Kingdom Birmingham
47%
Italy Catania
47%
Lebanon Beirut
46%
Spain Bilbao
46%
Germany Bremen
46%
Italy Verona
46%
Germany Dresden
45%
Spain Malaga
45%
Spain Palma de Mallorca
45%
Ireland Shannon
45%
Spain Alicante
44%
Switzerland Basel/ Mulhouse/ Freiburg
44%
Portugal Faro
44%
Sweden Gothenburg
44%
Poland Katowice
44%
France Nantes
44%
Greece Rhodes
44%
France Strasbourg
44%
Bulgaria Varna
44%
Spain Ibiza
42%
Greece Corfu
41%
Netherlands Eindhoven
41%
Spain Tenerife
41%
United Kingdom Bristol
40%
United Kingdom Cardiff
40%
Greece Heraklion
40%
Cyprus Paphos
40%
Poland Wroclaw
40%
Belgium Charleroi
39%
United Kingdom Leeds
39%
Germany Nuremberg
39%
Greece Santorini
39%
Denmark Aalborg
38%
United Kingdom Aberdeen
38%
Denmark Billund
38%
Bulgaria Burgas
38%
Germany Dortmund
38%
Morocco Fez
38%
United Kingdom Newcastle
38%
Bulgaria Plovdiv
38%
Montenegro Podgorica
38%
Tunisia Tunis
38%
Croatia Zadar
38%
Poland Poznan
37%
Finland Tampere
37%
Italy Cagliari
36%
Romania Cluj
34%
Turkey Antalya
33%
Lithuania Kaunas
33%
Poland Lodz
33%
Morocco Tangier
33%
Ukraine Lviv
32%
Sweden Malmö
32%
Spain Sevilla
32%
France Brest
30%
Poland Lublin
30%
Greece Mykonos
30%
Croatia Pula
30%
Morocco Agadir
29%
Bosnia & Herzegovina Banja Luka
29%
Spain Menorca
29%
Czechia Ostrava
29%
Croatia Rijeka
29%
Italy Trieste
29%
Slovakia Kosice
28%
Spain Las Palmas
28%
Greece Zakynthos
27%
Israel Eilat
26%
France Grenoble
26%
Spain Lanzarote
26%
Poland Szczecin
26%
Spain Zaragoza
26%
Jordan Aqaba
25%
Spain Girona
25%
Italy Parma
25%
Italy Brindisi
24%
Romania Timisoara
24%
France Biarritz
23%
Ukraine Kharkiv
23%
Spain Murcia
23%
Italy Alghero
22%
United Kingdom Derry
21%
Spain Fuerteventura
21%
Austria Klagenfurt
21%
Netherlands Maastricht
21%
Italy Rimini
21%
Spain Santander
21%
Spain Santiago de Compostela
21%
Ireland Knock
20%
Georgia Kutaisi
20%
Serbia Nis
20%
Greece Cephalonia
19%
Germany Karlsruhe/ Baden-Baden
19%
United Kingdom East Midlands
18%
France Perpignan
18%
Italy Pescara
18%
Germany Rostock
18%
Spain Valladolid
18%
Spain Almeria
17%
Turkey Dalaman
17%
France La Rochelle
17%
Germany Münster
16%
Turkey Bodrum
15%
Spain Jerez
15%
Italy Lamezia
15%
Portugal Ponta Delgada
15%
United Kingdom Bournemouth
14%
Poland Bydgoszcz
14%
Germany Memmingen
14%
Spain Reus
14%
Ireland Kerry
13%
Malta Luqa
13%
United Kingdom Newquay
13%
Italy Perugia
13%
Poland Rzeszow
13%
Morocco Nador
12%
Italy Trapani
12%
Italy Comiso
11%
United Kingdom Exeter
11%
Greece Kavala
11%
Morocco Oujda
11%
Greece Preveza
11%
France Carcassonne
10%
Morocco Essaouira
10%
France Figari
10%
France Clermont-Ferrand
9%
Italy Crotone
9%
Germany Erfurt
9%
France Lourdes
9%
Spain Vitoria
9%
Armenia Gyumri
8%
France Limoges
8%
Ukraine Odesa
8%
Morocco Ouarzazate
8%
Lithuania Palanga
8%
Portugal Terceira Lajes
8%
Italy Ancona
7%
France Bergerac
7%
Spain Castellon
7%
Greece Chania
7%
Italy Cuneo
7%
Greece Kalamata
6%
France Nimes
6%
Czechia Pardubice
6%
Morocco Tétouan
6%
Sweden Växjö
6%
France Beziers
5%
Germany Friedrichshafen
5%
Poland Olsztyn
5%
Finland Lappeenranta
4%
France Tours Val de Loire
4%
France Brive
3%
France Dole
3%
Ukraine Kherson
3%
Romania Oradea
3%
Israel Ovda
3%
France Poitiers
3%
France Dinard
1%
Norway Haugesund
1%
France Rodez
1%
No matching quizzes found
Score Distribution
Percent of People with Each Score
Percentile by Number Answered
Your Score History
You have not taken this quiz